Modelos quantitativos em auditoria de desempenho / (Record no. 1529)

MARC details
000 -LÍDER
Campo Fixo de Controle 00888nam a2200265 a 4500
001 - NÚMERO DE CONTROLE
Campo de Controle 1529
003 - IDENTIFICAÇÃO DO NÚMERO DE CONTROLE
Campo de Controle BR-CuiBMT
005 - DATA E HORA DA ÚLTIMA ATUALIZAÇÃO
Campo de Controle 20231214135234.0
008 - DADOS FIXOS
Dados Fixos 231108s201u rjb 000 0 por d
040 ## - AGÊNCIA CATALOGADORA
Código da Agência Catalogadora BR-CuiBMT
Agência que transcreveu o registro BR-CuiBMT
080 ## - Nº DA CLASSIFICAÇÃO DECIMAL UNIVERSAL
Nº edição CDU 2007
Nº Class. CDU 657.6
090 ## - NÚMERO DE CHAMADA
Nº classificação 657.6
Cutter B171m
100 1# - ENTRADA PRINCIPAL -- AUTOR PESSOAL
Nome pessoal Balassiano, Moisés
245 10 - TÍTULO PRINCIPAL
Título principal Modelos quantitativos em auditoria de desempenho /
Indicação de responsabilidade Moisés Balassiano.
260 ## - PUBLICAÇÃO, DISTRIBUIÇÃO, ETC.
Local de publicação Rio de Janeiro :
Editora FGV,
Data [201-].
300 ## - DESCRIÇÃO FÍSICA
N. páginas ou volumes 101 p. ;
Dimensões 29 cm
500 ## - NOTAS GERAIS
Notas gerais "Fascículo elaborado para o curso MPA Executivo em Controle externo ofertado pela FGV."
504 ## - NOTA DE BIBLIOGRAFIA, ETC.
Nota de bibliografia Inclui bibliografia.
610 1# - ASSUNTO -- ENTIDADE
Nome da Entidade ou lugar Mato Grosso.
Unidade subordinada Tribunal de Contas do Estado.
650 ## - ASSUNTO TÓPICO
Cabeçalho tópico ou nome geográfico Direito administrativo
Subdivisão geográfica Brasil
650 ## - ASSUNTO TÓPICO
Cabeçalho tópico ou nome geográfico Análise de dados
Subdivisão geral Aspectos econômicos
Subdivisão geográfica Brasil
650 ## - ASSUNTO TÓPICO
Cabeçalho tópico ou nome geográfico Matemática financeira
650 ## - ASSUNTO TÓPICO
Cabeçalho tópico ou nome geográfico Auditoria de desempenho
942 ## - ELEMENTOS DE ENTRADA ADICIONAIS (KOHA)
Fonte de classificação ou esquema de arquivamento Classificação Decimal Universal
Tipo de item do Koha Livros
Holdings
Estado: removido Estado: perdido Fonte de classificação ou esquema de arquivamento Estado: danificado Indisponível para empréstimo Localização permanente Localização atual Data de aquisição Total Checkouts Número de Chamada completo Código de barras Date last seen Número do exemplar Preço efetivo a partir de Tipo de item (Koha)
    Classificação Decimal Universal     Biblioteca da Escola Superior de Contas do TCE/MT Biblioteca da Escola Superior de Contas do TCE/MT 14/12/2023   657.6 B171m BIBTCEMT23120462 14/12/2023 Ex. 1 14/12/2023 Livros
    Classificação Decimal Universal     Biblioteca da Escola Superior de Contas do TCE/MT Biblioteca da Escola Superior de Contas do TCE/MT 14/12/2023   657.6 B171m BIBTCEMT23120463 14/12/2023 Ex. 2 14/12/2023 Livros
    Classificação Decimal Universal     Biblioteca da Escola Superior de Contas do TCE/MT Biblioteca da Escola Superior de Contas do TCE/MT 14/12/2023   657.6 B171m BIBTCEMT23120464 14/12/2023 Ex. 3 14/12/2023 Livros

Powered by Koha